| 000 | 00805 a2200205 4500 | ||
|---|---|---|---|
| 999 |
_c5840 _d5840 |
||
| 020 | _a9781594205651 | ||
| 050 | 0 | 0 | _aT 14.5 PEN 2014 |
| 100 | 1 |
_aPentland, Alex, _d1952- _eAuthor |
|
| 245 | 1 | 0 |
_aSocial physics: _bhow good ideas spread-the lessons from a new science / _cAlex Pentland |
| 264 | 1 |
_aNew York : _bThe Penguin Press, _c2014. |
|
| 300 |
_ax, 300p. : _bill. ; |
||
| 500 | _aIncludes bibliographical references (pages [265]-294) and index. | ||
| 504 | _aIncludes bibliographical references (pages [265]-294) and index. | ||
| 650 | 0 |
_aInventions _xSocial aspects. |
|
| 650 | 0 | _aTechnology transfer. | |
| 650 | 0 |
_aScience _xSocial aspects. |
|
| 650 | 0 | _aSocial interaction. | |
| 942 |
_2lcc _cBK _h14.5 _iPEN _kT |
||